TOP10 Gier Oglądanych Na Twitchu W Maju 2020r. - Statystyki

Ogólne statystyki
  • Ten quiz został rozwiązany 217 razy
  • Średni wynik to 6 z 10
Statystyki odpowiedzi
Miejsce Wydawca Gra % Poprawnych
#03 Epic Games Fortnite
92%
#08 Mojang/Microsoft Minecraft
88%
#09 EA Sports FIFA 20
84%
#02 Riot Games League of Legends
83%
#01 Riot Games Valorant
76%
#06 Valve Counter Strike Global Offensive
67%
#04 Rockstar Games Grand Theft Auto V
53%
#10 Blizzard Entertainment World of Warcraft
28%
#07 Valve Dota 2
23%
#05 Activision Call Of Duty Modern Warfare
19%
Nie znaleziono quizów pasujących do podanych kryteriów
Rozkład punktacji
Procent ludzi z każdym wynikiem
Percentyl według liczby udzielonych odpowiedzi
Twoja historia wyników
Nie rozwiązałeś tego quizu